| 000 | 01257nam a2200361 a 4500 | ||
|---|---|---|---|
| 003 | CO-BoRNBP | ||
| 005 | 20241018101355.0 | ||
| 007 | ta | ||
| 008 | 110223s2010 ck gr 0001pdspa d | ||
| 020 | _a9789588250953 | ||
| 020 | _a(Colecciòn) 9789588250885 | ||
| 040 |
_aCO-BoBLA _bspa _cCO-BoBLA _erda |
||
| 041 | 0 | _aspa | |
| 043 | _as-ck--- | ||
| 082 | 0 | 4 |
_aCo861.6 _bV15o1 _219 |
| 100 | 1 |
_aVanín, Alfredo, _d1950- _943289 |
|
| 245 | 1 | 0 |
_aCimarrón en la lluvia y jornadas del Tahúr / _cAlfredo Vanín. |
| 250 | _aPrimera edición | ||
| 300 |
_a129 p. ; _c21 cm. |
||
| 336 |
_2rdacontenido _atexto _btxt |
||
| 337 |
_2rdamedio _asin mediación _bn |
||
| 338 |
_2rdasoporte _avolumen _bnc |
||
| 490 | 0 |
_aBiblioteca de literatura afrocolombiana ; _v14 |
|
| 650 | 7 |
_aPoesía colombiana. _2BLAAUTO _91069 |
|
| 650 | 7 |
_aRíos _vPoesías. _2BLAAUTO _943290 |
|
| 650 | 7 |
_aSirenas _vPoesías. _2BLAAUTO _943291 |
|
| 650 | 7 |
_aLluvia _vPoesías. _2BLAAUTO _943292 |
|
| 830 | 0 |
_aColección de documentos en Biblioteca Virtual _943293 |
|
| 830 | 0 |
_aMalcom Deas-Colección _943294 |
|
| 856 | 4 | 0 |
_uhttp://www.banrepcultural.org/blaavirtual/biblioteca-afrocolombiana/obra-poetica-cimarron-tahur-vanin _zAcceso a texto completo |
| 942 |
_2ddc _cBK |
||
| 949 |
_ac _bc |
||
| 999 |
_c38488 _d38488 |
||